Flowering Fruits - Statistics

General Stats
  • This quiz has been taken 12 times
  • The average score is 4 of 12
Answer Stats
Picture Answer % Correct
Passionfruit
80%
Banana
60%
Apple
40%
Orange
40%
Pumpkin
40%
Tomato
40%
Cucumber
30%
Lemon
30%
Mango
20%
Blackberry
10%
Peach
10%
Plum
10%
No matching quizzes found
Score Distribution
Percent of People with Each Score
Percentile by Number Answered
Your Score History
You have not taken this quiz